[Event "Cannes op"]
[Site "Cannes"]
[Date "1989.??.??"]
[Round "?"]
[White "Vareille, Francois"]
[Black "Sulava, Nenad"]
[Result "1/2-1/2"]
[WhiteElo "2285"]
[BlackElo "2390"]

1.d4 d5 2.c4 dxc4 3.e4 Nc6 4.Be3 Nf6 5.f3 e5 6.d5 Nd4 7.Bxd4 exd4 8.Qxd4 c6
9.Bxc4 cxd5 10.exd5 Bd6 11.Nc3 O-O 12.Nge2 Qc7 13.O-O-O Bd7 14.Kb1 Rfc8 15.Nb5 Bxb5
16.Bxb5 a6 17.Rc1 Bc5 18.d6 Qxd6 19.Qxd6 Bxd6 20.Bd3 h5 21.Nc3 Bf4 22.Rcd1 Rd8
23.g3 Bc7  1/2-1/2

[Event "Caorle op"]
[Site "Caorle"]
[Date "1989.??.??"]
[Round "4"]
[White "Negro, Roberto"]
[Black "Paizis, Adamantia"]
[Result "0-1"]
[WhiteElo "1900"]
[BlackElo "1900"]

1.d4 d5 2.c4 dxc4 3.e4 c5 4.d5 e6 5.Nc3 Nf6 6.Bxc4 exd5 7.exd5 Bd6 8.Nf3 a6
9.Qe2+ Qe7 10.Qxe7+ Bxe7 11.Bf4 O-O 12.O-O-O b5 13.Rhe1 Bd8 14.Bf1 Bb6 15.Ne4 Nxe4
16.Rxe4 Nd7 17.Bd6 Nf6 18.Ree1 Rd8 19.Be7 Rxd5 20.Bxf6 Rxd1+ 21.Rxd1 gxf6
22.Rd6 Bc7 23.Rxf6 Kg7 24.Rc6 Bf4+ 25.Kc2 c4 26.Rc5 Bb7 27.a4 Be4+ 28.Kc3 Rb8
29.Be2 Bd6 30.Rh5 Re8 31.Bd1 Be7 32.axb5 axb5 33.Rxb5 Bd3 34.Kd2  0-1

[Event "Midwest Masters op"]
[Site "Chicago"]
[Date "1989.??.??"]
[Round "4"]
[White "Colias, Billy"]
[Black "Blankenau, Mike"]
[Result "1/2-1/2"]
[WhiteElo "2230"]
[BlackElo "2245"]

1.d4 d5 2.c4 dxc4 3.e4 e5 4.Nf3 Bb4+ 5.Bd2 Bxd2+ 6.Qxd2 exd4 7.Nxd4 Nf6 8.Nc3 Bd7
9.Bxc4 Nc6 10.O-O O-O 11.Rad1 Nxd4 12.Qxd4 Bg4 13.f3 Be6 14.Bxe6 fxe6 15.e5 Qxd4+
16.Rxd4 Nh5 17.Rfd1 a6 18.Kf2 Nf4 19.Re4 Ng6 20.h4 Rad8 21.Rxd8 Rxd8 22.Ke2 Ne7
23.Rc4 c6 24.h5 Nd5 25.Nxd5 Rxd5 26.f4 Kf7 27.Ke3 g6 28.h6 g5 29.Rb4 b5 30.fxg5 Rxe5+
31.Kf3 Rxg5 32.Rd4 Rd5 33.Rg4 Rd2 34.Rg7+ Kf6 35.g4 Rh2 36.Rxh7 Kg6 37.Re7 Kxh6
38.Rxe6+ Kg5 39.Rxc6 Rxb2 40.Rxa6 Rb4 41.Ra5 Rf4+ 42.Ke3 Rb4 43.Kd3 Kxg4
44.a3 Ra4 45.Rxa4+ bxa4 46.Kc4 Kf5 47.Kb5 Ke5 48.Kxa4 Kd6 49.Ka5 Kc7 50.Ka6 Kb8
51.a4 Ka8 52.a5 Kb8 53.Kb5 Kb7 54.a6+ Ka7 55.Ka5 Ka8 56.Kb4 Ka7 57.Kb5 Ka8
58.Kb6 Kb8 59.a7+ Ka8  1/2-1/2

[Event "Midwest Masters op"]
[Site "Chicago"]
[Date "1989.??.??"]
[Round "5"]
[White "Chow, Albert"]
[Black "Dlugy, Maxim"]
[Result "0-1"]
[WhiteElo "2360"]
[BlackElo "2570"]

1.d4 d5 2.c4 dxc4 3.e4 e5 4.Nf3 Bb4+ 5.Nc3 exd4 6.Qxd4 Qxd4 7.Nxd4 Nf6 8.f3 Bc5
9.Be3 Nc6 10.Rd1 Bxd4 11.Bxd4 Nxd4 12.Rxd4 Be6 13.Nb5 c5 14.Rd2 Ke7 15.Nc7 Rab8
16.Nxe6 fxe6 17.Bxc4 b5 18.Be2 c4 19.Kd1 Rhc8 20.Kc2 Rb6 21.Rhd1 Rc7 22.g3 g5
23.h4 gxh4 24.g4 b4 25.Rh1 b3+ 26.Kb1 c3 27.bxc3 bxa2+ 28.Kxa2 Rc5 29.Rb2 h5
30.gxh5 Rxh5 31.Rxb6 axb6 32.f4 Rh8 33.Bf3 h3 34.e5 Nd7 35.Bd1 h2 36.Kb2 Nf8
37.Bc2 Kf7 38.f5 Nd7 39.Bb3 Nxe5 40.fxe6+ Ke7 41.Ka3 Nd3 42.Bd5 Kd6 43.c4 b5
44.e7 b4+ 45.Kb3 Kxe7 46.Bg2 Nf2 47.Rf1 Rf8 48.Ra1 Rg8 49.Bd5 Rg1 50.Ra7+ Kd6
51.Kxb4 Nd3+ 52.Kc3 Nf4 53.Ba8 Rc1+ 54.Kd4 Ne6+ 55.Kd3 Nc5+ 56.Kd4 h1=B 57.Bxh1 Rxh1
58.Ra2 Rh3 59.Rd2 Nb3+  0-1

[Event "US op"]
[Site "Chicago"]
[Date "1989.??.??"]
[Round "5"]
[White "Alburt, Lev O"]
[Black "Leverett, Bruce W"]
[Result "1/2-1/2"]
[WhiteElo "2520"]
[BlackElo "2255"]

1.d4 d5 2.c4 dxc4 3.e4 e5 4.Nf3 Bb4+ 5.Nc3 exd4 6.Qxd4 Qxd4 7.Nxd4 Nf6 8.f3 Bc5
9.Be3 Nc6 10.Nc2 Bxe3 11.Nxe3 Be6 12.O-O-O O-O 13.Bxc4 Rad8 14.Bd5 Bxd5 15.Nexd5 Nxd5
16.Nxd5 Ne5 17.Rd2 c6 18.Ne7+ Kh8 19.Nf5 Rxd2 20.Kxd2 Rd8+ 21.Kc2 g6 22.Ne3 Kg7
23.a3 Rd4 24.Rd1 Rxd1 25.Kxd1 Kf6 26.Ke2 Ke6 27.f4 Nd7 28.Kd3 b6 29.g4 Nc5+
30.Kd4 Nb3+ 31.Kc4 Nc5 32.Kd4 Nb3+ 33.Kc3 Nc5 34.Kd4  1/2-1/2

[Event "Dieren op"]
[Site "Dieren"]
[Date "1989.??.??"]
[Round "4"]
[White "Hoeksema, Hendrik Pieter"]
[Black "Hegeler, Frank"]
[Result "1/2-1/2"]
[WhiteElo "2380"]
[BlackElo "2240"]

1.d4 d5 2.c4 dxc4 3.e4 Nc6 4.d5 Ne5 5.Bf4 Ng6 6.Be3 Nf6 7.Nc3 e5 8.f3 a6
9.Bxc4 Bd6 10.Nge2 O-O 11.Qd2 Nh5 12.Nc1 Nh4 13.Nd3 Bh3 14.O-O-O Nxg2 15.Bf2 Qf6
16.Qe2 Nhf4 17.Nxf4 Qxf4+ 18.Kb1 f5 19.Bd3 Qh6 20.Bg3 f4 21.Bf2 Nh4 22.Rhg1 Qh5
23.Rc1 b5 24.a4 b4 25.Na2 a5 26.Qd1 Kh8 27.Be2 g5 28.b3 Qh6 29.Rc4 Rf7  1/2-1/2

[Event "Eger op"]
[Site "Eger"]
[Date "1989.??.??"]
[Round "?"]
[White "Chabanon, Jean Luc"]
[Black "Kuporosov, Viktor"]
[Result "0-1"]
[WhiteElo "2250"]
[BlackElo "2445"]

1.d4 d5 2.c4 dxc4 3.e4 Nf6 4.e5 Nd5 5.Bxc4 Nb6 6.Bb3 Bf5 7.Ne2 e6 8.Nbc3 Nc6
9.Be3 Be7 10.O-O O-O 11.Ng3 Bg6 12.Nge4 Nb4 13.Qe2 a5 14.a3 N4d5 15.Bd2 c6
16.Rfe1 Re8 17.Nc5 Qc7 18.N3e4 Nd7 19.Nd6 Reb8 20.Nce4 N7b6 21.Bg5 Bxg5 22.Nxg5 Nc8
23.Nxc8 Rxc8 24.Bxd5 exd5 25.b4 axb4 26.axb4 Qb6 27.Rxa8 Rxa8 28.Qb2 Qb5
29.Ra1 Ra4 30.Rxa4 Qxa4 31.f3 Qd1+ 32.Kf2 Bd3 33.Kg3 Qe1+ 34.Kg4 h6 35.Nh3 g5
36.Nf2 Be2  0-1

[Event "Espoo op"]
[Site "Espoo"]
[Date "1989.??.??"]
[Round "9"]
[White "Arakhamia, Ketevan"]
[Black "Videki, Sandor"]
[Result "1-0"]
[WhiteElo "2395"]
[BlackElo "2415"]

1.d4 d5 2.c4 dxc4 3.e4 Nc6 4.Nf3 Bg4 5.Bxc4 Bxf3 6.Qxf3 e6 7.d5 Bb4+ 8.Bd2 Ne5
9.Bb5+ c6 10.Qg3 Bxd2+ 11.Nxd2 cxb5 12.Qxe5 Qf6 13.Qc7 Qe7 14.Rc1 Rd8 15.Qg3 exd5
16.O-O Nf6 17.Rc7 Qe6 18.e5 Nh5 19.Qa3 Nf4 20.Nf3 h6 21.Rxb7 a6 22.Nd4  1-0

[Event "Frunze op"]
[Site "Frunze"]
[Date "1989.??.??"]
[Round "?"]
[White "Epishin, Vladimir"]
[Black "Nenashev, Alexander"]
[Result "1-0"]
[WhiteElo "2460"]
[BlackElo "2435"]

1.d4 d5 2.c4 dxc4 3.e4 Nc6 4.Nf3 Bg4 5.Be3 e6 6.Bxc4 Bb4+ 7.Nc3 Nf6 8.Qd3 O-O
9.a3 Ba5 10.Nd2 Qe7 11.f3 Bh5 12.Nb3 Bb6 13.Rd1 Rfd8 14.Qe2 Ne8 15.O-O Nd6
16.Bd3 f5 17.e5 Nf7 18.Bc4 Rd7 19.Rd2 Rad8 20.Rfd1 Na5 21.Nxa5 Bxa5 22.b4 Bb6
23.Na4 g5 24.Bb3 f4 25.Bf2 Nh6 26.Nxb6 axb6 27.d5 Bf7 28.d6 cxd6 29.Bxb6 d5
30.Bc5 Qe8 31.Ba4 Nf5 32.Bb5 Ra8 33.a4 Qc8 34.Bxd7 Qxd7 35.a5 Be8 36.Rc1 Qa4
37.Ra2 Qd7 38.Bb6 d4 39.Rd2 Qd5 40.Qc4 Qxe5 41.Bxd4 Qd6 42.Bc3 Qa6 43.Qe4 Qa7+
44.Bd4 Qxd4+ 45.Qxd4 Nxd4 46.Rxd4 Bc6 47.Rd6 Kf7 48.Rdxc6 bxc6 49.Rxc6 Rb8
50.Rb6 Rc8 51.a6 Rc1+ 52.Kf2 Rc2+ 53.Kf1 Rc1+ 54.Ke2 Rc2+ 55.Kd3 Rxg2 56.Rb5  1-0

[Event "Arnold Cup"]
[Site "Gausdal"]
[Date "1989.??.??"]
[Round "?"]
[White "Tisdall, Jonathan D"]
[Black "Westerinen, Heikki MJ"]
[Result "1-0"]
[WhiteElo "2460"]
[BlackElo "2400"]

1.d4 d5 2.c4 dxc4 3.e4 e5 4.Nf3 exd4 5.Bxc4 Bb4+ 6.Nbd2 Nc6 7.O-O Be6 8.Bxe6 fxe6
9.Nc4 Nf6 10.a3 Be7 11.b4 a6 12.Re1 O-O 13.Bb2 Qe8 14.Qb3 Qh5 15.h3 Kh8 16.Bxd4 b5
17.Ncd2 Rae8 18.Bb2 Nd8 19.Rac1 c5 20.bxc5 Bxc5 21.e5 Nd7 22.Ne4 Bb6 23.a4 Rf4
24.axb5 Ref8 25.bxa6 Rxf3 26.gxf3 Rxf3 27.Rc3 Rf8 28.a7 Bxa7 29.Rc7 Rf3 30.Rxd7 Bxf2+
31.Nxf2 Qg5+ 32.Kf1 Rxb3 33.Bc1 Qh4 34.Re4 Rb7 35.Rxb7 Qg3 36.Rb8 h6 37.Rxd8+ Kh7
38.Rd3 Qg6 39.Rg4 Qf7 40.Rdg3 g5 41.Bxg5 hxg5 42.Rxg5  1-0

[Event "BL2-SW8889"]
[Site "Germany"]
[Date "1989.??.??"]
[Round "?"]
[White "Stromer, Alexander"]
[Black "Schuh, Hubert"]
[Result "1-0"]
[WhiteElo "2310"]
[BlackElo "2360"]

1.d4 d5 2.c4 dxc4 3.e4 Nf6 4.e5 Nd5 5.Bxc4 Nb6 6.Bb3 Nc6 7.Ne2 Bf5 8.Nbc3 e6
9.O-O Qd7 10.Be3 Be7 11.Ng3 Bg6 12.a4 Na5 13.Ba2 Nbc4 14.Qe2 Nxe3 15.Qxe3 O-O
16.d5 exd5 17.Nxd5 Kh8 18.f4 f5 19.Rfd1 Rad8 20.Qxa7 Qxa4 21.Rd4 Qb5 22.Nxe7 Qxb2
23.Rad1 Rxd4 24.Qxd4 Qxa2 25.Qd8 Be8 26.Nexf5 Rg8 27.Qd4 Bc6 28.Ne3 b6 29.Nh5 h6
30.f5 Nb3 31.Qc3 Nc5 32.Nf4 Ne4 33.Qe1 Re8 34.Rc1 Ba8 35.Rxc7 Rd8 36.f6  1-0

[Event "URS-sf Russia-ch"]
[Site "Gorky"]
[Date "1989.??.??"]
[Round "?"]
[White "Vyzmanavin, Alexey"]
[Black "Baburin, Alexander"]
[Result "1-0"]
[WhiteElo "2555"]
[BlackElo "2415"]

1.d4 d5 2.c4 dxc4 3.e4 Nc6 4.Be3 Nf6 5.Nc3 Ng4 6.Bxc4 e5 7.Qb3 Qd7 8.O-O-O exd4
9.Nf3 Bc5 10.Qb5 Bd6 11.Bxd4 O-O 12.h3 Nxd4 13.Qxd7 Bxd7 14.Rxd4 Nxf2 15.Rf1 Be6
16.Bxe6 fxe6 17.Rxf2 Bc5 18.Rfd2 Bxd4 19.Nxd4 Rad8 20.Nxe6 Rxd2 21.Kxd2 Rf2+
22.Ke3 Rxb2 23.Nxc7 Rxg2 24.e5 Rg3+ 25.Kd4 Rxh3 26.e6 Rh4+ 27.Ke5 Rh5+ 28.Kf4 Rh4+
29.Kg5 Rh1 30.e7 Re1 31.e8=Q+ Rxe8 32.Nxe8 a6  1-0

[Event "EU-chT"]
[Site "Haifa"]
[Date "1989.??.??"]
[Round "5"]
[White "Salov, Valery"]
[Black "Huebner, Robert"]
[Result "1/2-1/2"]
[WhiteElo "2645"]
[BlackElo "2605"]

1.d4 d5 2.c4 dxc4 3.e4 Nf6 4.e5 Nd5 5.Bxc4 Nb6 6.Bd3 Nc6 7.Be3 Be6 8.Nc3 Bd5
9.Nf3 e6 10.O-O Bc4 11.Bxc4 Nxc4 12.Qb3 N6a5 13.Qc2 Be7 14.Rac1 O-O 15.Ne4 Nxe3
16.fxe3 Rc8 17.b4 Nc6 18.a3 a5 19.b5 Nb8 20.Qd3 h6 21.Rc2 c6 22.bxc6 Nxc6
23.Rb1 Rb8 24.Nc5 Bxc5 25.Rxc5 Na7 26.Qc3 b6 27.Rc7 Rc8 28.Rxc8 Qxc8 29.Qxc8 Nxc8
30.Kf2 Rd8 31.Ke2 f6 32.Kd3 Kf7 33.Rc1 Ne7 34.Rc7 Rb8 35.e4 Kf8 36.exf6 gxf6
37.Ra7 Rc8 38.Rb7 Rc6 39.Nd2 f5 40.Nf3 fxe4+ 41.Kxe4 Rc2 42.Ke5 Re2+ 43.Kd6 Nf5+
44.Kd7 Nxd4 45.Nxd4 Rd2 46.Kxe6 Rxd4 47.g3 Rd2 48.h4 Rf2 49.Rxb6 Rf3 50.a4 Rxg3
51.Kf6 Ke8 52.Kf5 h5  1/2-1/2

[Event "EU-chT"]
[Site "Haifa"]
[Date "1989.??.??"]
[Round "8"]
[White "Tisdall, Jonathan D"]
[Black "Shvidler, Eliahu"]
[Result "1/2-1/2"]
[WhiteElo "2465"]
[BlackElo "2400"]

1.d4 d5 2.c4 dxc4 3.e4 c5 4.Nf3 cxd4 5.Qxd4 Qxd4 6.Nxd4 Bd7 7.Bxc4 Nc6 8.Nxc6 Bxc6
9.Nc3 e6 10.Be3 Bb4 11.f3 Nf6 12.Ke2 Bxc3 13.bxc3 O-O 14.Bd4 Rfc8 15.Bd3 Nd7
16.Rhb1 f6 17.a4 Kf7 18.Bb5 Bxb5+ 19.Rxb5 b6 20.a5 e5 21.Be3 Ke6 22.Kd2 a6
23.axb6 axb5 24.b7 Rab8 25.bxc8=Q Rxc8 26.Ra6+ Ke7 27.Ra5 Rb8 28.Kc2 Rb7
29.Ba7 b4 30.c4 b3+ 31.Kb2 Kd6 32.Ra6+ Kc7 33.Be3 Rb4 34.c5 Rb5 35.c6 Nb6
36.Bxb6+ Rxb6 37.Ra7+ Kxc6 38.Rxg7 h5 39.Rh7 Kc5 40.Rxh5 Kc4 41.Rh8 Rd6 42.Rc8+ Kb4
43.Rb8+ Kc4 44.Rc8+ Kb4 45.Rb8+ Kc4 46.Rc8+  1/2-1/2

[Event "EU-chT"]
[Site "Haifa"]
[Date "1989.??.??"]
[Round "9"]
[White "Sokolov, Ivan"]
[Black "Huebner, Robert"]
[Result "1/2-1/2"]
[WhiteElo "2525"]
[BlackElo "2605"]

1.d4 d5 2.c4 dxc4 3.e4 e5 4.Nf3 exd4 5.Bxc4 Bb4+ 6.Nbd2 Nc6 7.O-O Nf6 8.e5 Nd5
9.Nb3 Nb6 10.Bg5 Be7 11.Bxe7 Qxe7 12.Bb5 Bd7 13.Bxc6 Bxc6 14.Nfxd4 Bd5 15.Qg4 O-O
16.f4 g6 17.Nf5 Qd7 18.Nh6+ Kg7 19.Qg5 Bxb3 20.axb3 Qd8 21.Nf5+ Kh8 22.Ne7 Nd5
23.Nxd5 Qxd5 24.Rac1 Qxb3 25.Qf6+ Kg8 26.Rxc7 Rad8 27.h4 Rd2 28.Kh1 Qxb2
29.Qg5 Qb5 30.Rfc1 Qd5 31.Kh2 f6 32.exf6 Rxf6 33.Rc8+ Kg7 34.R1c7+ Rf7 35.Rxf7+ Kxf7
36.Rc7+ Kg8 37.Rc8+ Kf7 38.Rc7+ Kg8 39.Qg4 Qf5 40.Qxf5 gxf5 41.Rxb7 a6 42.Rb6 Kg7
43.h5 Rf2 44.Kg3 Rf1 45.h6+ Kf7 46.Rxa6 Rh1 47.Ra7+ Kg6 48.Ra6+ Kf7 49.Rb6 Rh5
50.Rb7+ Kg6 51.Rb6+ Kf7 52.Kf3 Rh1 53.Rb7+ Kg6 54.Rb6+ Kf7 55.Ke3 Re1+ 56.Kf2 Ra1
57.g3 Ra3 58.Kg2 Ra1 59.Kh3 Rh1+ 60.Kg2 Ra1 61.Rd6 Rb1 62.Kf2 Rb3 63.Rd7+ Kg6
64.Rg7+ Kxh6 65.Rg5 Rf3+ 66.Kxf3  1/2-1/2

[Event "Hamburg-ch"]
[Site "Hamburg"]
[Date "1989.??.??"]
[Round "?"]
[White "Michaelsen, Nils"]
[Black "Kunsztowicz, Uwe"]
[Result "1-0"]
[WhiteElo "2360"]
[BlackElo "2320"]

1.d4 d5 2.c4 dxc4 3.e4 Nf6 4.e5 Nd5 5.Bxc4 Nb6 6.Bb3 Nc6 7.Ne2 Bf5 8.Nbc3 e6
9.O-O Be7 10.f4 O-O 11.Be3 Nb4 12.Ng3 Bd3 13.Rf3 Bg6 14.f5 exf5 15.Nxf5 Bg5
16.Bxg5 Qxg5 17.Ne4 Qd8 18.Qd2 a5 19.Rd1 a4 20.Qxb4 Bxf5 21.Rxf5 axb3 22.Qxb3 Qd5
23.Qd3 Qc4 24.Qg3 Qc2 25.Re1 Nd5 26.Nf6+ Nxf6 27.exf6 g6 28.Rf2 Qc4 29.Qe3 Kh8
30.b3 Qb4 31.h3 Rg8 32.Kh1 Rad8 33.Rf4 Rd6 34.Qe7 Qa5 35.Rff1 Qd5 36.Qxc7 g5
37.Re7 Qb5 38.Rfe1 Rxd4 39.Rxf7 Rh4 40.Qc3 Qc6 41.Qxc6 bxc6 42.Kg1  1-0

[Event "NLD-ch"]
[Site "Hilversum"]
[Date "1989.??.??"]
[Round "1"]
[White "Vanheste, Jeroen"]
[Black "Gelpke, Peter"]
[Result "1/2-1/2"]
[WhiteElo "2410"]
[BlackElo "2395"]

1.d4 d5 2.c4 dxc4 3.e4 Nf6 4.e5 Nd5 5.Bxc4 Nb6 6.Bb3 Nc6 7.Ne2 Bf5 8.O-O e6
9.Nbc3 Nb4 10.Nf4 c6 11.Be3 Be7 12.a3 N4d5 13.Nfxd5 cxd5 14.g4 Bg6 15.f4 Qd7
16.Qf3 h5 17.h3 hxg4 18.hxg4 f5 19.exf6 gxf6 20.Rac1 Rc8 21.f5 exf5 22.Nxd5 Rxc1
23.Rxc1 Nxd5 24.Qxd5 Qxd5 25.Bxd5 fxg4 26.Bxb7 Rh3 27.Bc6+ Kf8 28.Rc3 Bd6
29.Bg2 Ke7 30.d5 a5 31.Bxh3 gxh3 32.Rc4 h2+ 33.Kh1 Bf7 34.Rd4 Be5 35.d6+ Kd7
36.Rd2 Bg6 37.Rxh2  1/2-1/2

[Event "Karvina op"]
[Site "Karvina"]
[Date "1989.??.??"]
[Round "7"]
[White "Vokac, Marek"]
[Black "Zpevak, Pavel"]
[Result "1-0"]
[WhiteElo "2465"]
[BlackElo "2350"]

1.d4 d5 2.c4 dxc4 3.e4 c5 4.d5 Nf6 5.Nc3 e6 6.Nf3 a6 7.Bxc4 b5 8.Bb3 c4 9.Bc2 Bc5
10.O-O Qb6 11.Qe2 Bb7 12.a4 exd5 13.exd5+ Kf8 14.Bf4 Nbd7 15.axb5 axb5 16.Rxa8+ Bxa8
17.Rd1 h6 18.d6 Bxf3 19.Qxf3 g6 20.Ne4 Nxe4 21.Bxe4 Bd4 22.Bxg6 Nf6 23.Be3 Bxe3
24.Qxf6  1-0

[Event "Las Palmas op"]
[Site "Las Palmas"]
[Date "1989.??.??"]
[Round "?"]
[White "Hebden, Mark"]
[Black "Magem Badals, Jorge"]
[Result "1-0"]
[WhiteElo "2455"]
[BlackElo "2425"]

1.d4 d5 2.c4 dxc4 3.e4 Nc6 4.d5 Ne5 5.Qd4 Nd3+ 6.Bxd3 cxd3 7.Nf3 f6 8.O-O e5
9.Qa4+ Qd7 10.Qc4 Bd6 11.Nc3 a6 12.Ne1 Ne7 13.Nxd3 c6 14.dxc6 Nxc6 15.Nd5 Qf7
16.f4 O-O 17.Be3 exf4 18.Bxf4 Bxf4 19.N3xf4 Re8 20.Rac1 Kh8 21.h3 Rb8 22.Rfd1 Be6
23.b4 Rbc8 24.Nxe6 Qxe6 25.Nb6 Qxc4 26.Rxc4 Rcd8 27.Rd5 Kg8 28.a4 Ne5 29.Rc7 Nd3
30.b5 axb5 31.axb5 Nf4 32.Rxd8 Rxd8 33.Rxb7 Rd2 34.Nc4 Rxg2+ 35.Kf1 Rc2 36.Nd6 g6
37.b6 Rc1+ 38.Kf2 Nd3+ 39.Ke3 Nc5 40.Rc7 Rb1 41.Rxc5 Rxb6 42.Nb5 Kg7 43.h4 h5
44.Nd4 Ra6 45.Rc7+ Kh6 46.Rf7 Ra3+ 47.Kf4 Ra6 48.Nf3  1-0

[Event "Leon"]
[Site "Leon"]
[Date "1989.??.??"]
[Round "?"]
[White "Rivas Pastor, Manuel"]
[Black "Polgar, Zsuzsa"]
[Result "0-1"]
[WhiteElo "2505"]
[BlackElo "2510"]

1.d4 d5 2.c4 dxc4 3.e4 c5 4.d5 e6 5.Bxc4 Nf6 6.Nc3 exd5 7.Nxd5 Nxd5 8.Bxd5 Be7
9.Qh5 O-O 10.Nf3 Nd7 11.Ng5 Bxg5 12.Bxg5 Nf6 13.Bxf6 Qxf6 14.O-O Qxb2 15.Rac1 Be6
16.Rb1 Qf6 17.e5 Qd8 18.Bxe6 fxe6 19.Rxb7 Qd5 20.Re7 Rf5 21.Qg4 Qxe5 22.Rd1 Raf8
23.f3 h5 24.Qg3 Qf6 25.Qd6 Rg5 26.Rf1 Re5 27.Rxa7 Rd5 28.Qe7 Qe5 29.f4 Qd4+
30.Rf2 c4 31.Rc7 Rxf4 32.Qxg7+ Qxg7 33.Rxg7+ Kxg7 34.Rxf4 Rc5 35.Rf2 e5 36.Kf1 c3
37.Rc2 e4 38.Ke2 Kf6 39.Ke3 Ke5 40.a4 Kd5 41.a5 Kc4 42.a6 Kb3 43.Rc1 Kb2
44.Kd4 Rc7 45.Rg1 c2 46.Kxe4 c1=Q 47.Rxc1 Kxc1 48.Kf4 Kd2 49.h3 Rc4+ 50.Kg5 h4
51.a7 Ra4 52.a8=Q Rxa8 53.Kxh4 Rg8 54.g4 Ke3  0-1

[Event "Lugano op"]
[Site "Lugano"]
[Date "1989.??.??"]
[Round "4"]
[White "Brenninkmeijer, Joris"]
[Black "Arlandi, Ennio"]
[Result "1-0"]
[WhiteElo "2415"]
[BlackElo "2390"]

1.d4 d5 2.c4 dxc4 3.e4 e5 4.Nf3 Bb4+ 5.Nc3 exd4 6.Qxd4 Qxd4 7.Nxd4 Nf6 8.f3 Bd7
9.Bxc4 Nc6 10.Nxc6 Bxc6 11.Be3 Bxc3+ 12.bxc3 Nd7 13.Kf2 a6 14.Rad1 f6 15.Rd4 Ne5
16.Bb3 Bd7 17.Rhd1 O-O-O 18.g4 h6 19.Kg3 Rhe8 20.h4 Nc6 21.Rd5 Be6 22.Rxd8+ Nxd8
23.g5 hxg5 24.hxg5 Bxb3 25.axb3 fxg5 26.Bxg5 a5 27.Be3 Re6 28.Rh1 Rg6+ 29.Kf2 Nf7
30.Rh7 Nd6 31.Bd4 Ne8 32.f4 b5 33.Rh5 Nd6 34.e5 Ne4+ 35.Ke3 Ng3 36.Rh8+ Kb7
37.Rf8 a4 38.bxa4 bxa4 39.f5 Rc6 40.e6 Nxf5+ 41.Rxf5 Rxe6+ 42.Kd3 g6 43.Rf6 Rd6
44.Kc4 Kc6 45.Be5  1-0

[Event "Lugano op"]
[Site "Lugano"]
[Date "1989.??.??"]
[Round "6"]
[White "Schienmann, Bruno"]
[Black "Nikolic, Nebojsa"]
[Result "0-1"]
[WhiteElo "2245"]
[BlackElo "2375"]

1.d4 d5 2.c4 dxc4 3.e4 Nc6 4.Be3 Nf6 5.Nc3 Ng4 6.Bxc4 e5 7.Qf3 Qd7 8.O-O-O exd4
9.Bb3 Bc5 10.Nge2 O-O 11.Na4 b6 12.h3 Nge5 13.Qg3 Ba6 14.Nf4 Bd6 15.Bxd4 Nd3+
16.Rxd3 Bxf4+ 17.Qxf4 Nxd4 18.Rd2 Ne2+ 19.Kd1 Qxa4 20.Rxe2 Bxe2+ 21.Kxe2 Qd4
22.Rd1 Qxb2+ 23.Kf1 c5 24.g4 Qf6 25.Qe3 Rad8 26.Bd5 Rfe8 27.g5 Qe5 28.f4 Qb2
29.f5 Qh2 30.g6 hxg6 31.fxg6 Rxd5 32.gxf7+ Kxf7 33.Rxd5 Kg8 34.Qb3 Qf4+ 35.Kg1 Kh7
36.Rh5+ Kg6 37.Rf5 Qc1+ 38.Kh2 Qd2+ 39.Kh1 Qe1+ 40.Kh2 Qe2+ 41.Kg3 c4 42.Qb5 Qe3+
43.Kh2 Qxe4  0-1

[Event "Lyngby op"]
[Site "Lyngby"]
[Date "1989.??.??"]
[Round "8"]
[White "Rausis, Igors"]
[Black "Fedder, Steen"]
[Result "1-0"]
[WhiteElo "2435"]
[BlackElo "2390"]

1.d4 d5 2.c4 dxc4 3.e4 Nf6 4.Nc3 e5 5.Nf3 exd4 6.Qxd4 Qxd4 7.Nxd4 Bc5 8.Ndb5 Na6
9.Bf4 Be6 10.Bxc7 O-O 11.Bd6 Rfc8 12.Bxc5 Rxc5 13.f3 Nb4 14.Nd4 Rd8 15.O-O-O b5
16.a3 Nc6 17.Ncxb5 Na5 18.Be2 Rd7 19.Nxe6  1-0

[Event "Novosibirsk"]
[Site "Novosibirsk"]
[Date "1989.??.??"]
[Round "?"]
[White "Makarov, Marat"]
[Black "Karasev, Vladimir I"]
[Result "1-0"]
[WhiteElo "2505"]
[BlackElo "2370"]

1.d4 d5 2.c4 dxc4 3.e4 Nc6 4.Be3 Nf6 5.Nc3 Ng4 6.e5 Nxe3 7.fxe3 e6 8.Nf3 Na5
9.Qa4+ c6 10.b4 cxb3 11.axb3 Qb6 12.Qxa5 Qxa5 13.Rxa5 Bb4 14.Rc5 Bd7 15.Kf2 b5
16.Bd3 a5 17.Ra1 Ke7 18.Ne4 Bxc5 19.Nxc5 f6 20.g4 h5 21.gxh5 f5 22.Rg1 Rhg8
23.Bc2 Be8 24.Rg5 Bf7 25.Nh4 Rh8 26.Ng6+ Bxg6 27.Rxg6 Rxh5 28.Rxg7+ Ke8 29.Rg8+ Kf7
30.Rxa8  1-0

[Event "Paris op-1"]
[Site "Paris"]
[Date "1989.??.??"]
[Round "?"]
[White "Stromer, Alexander"]
[Black "Antonoff, Georges"]
[Result "1-0"]
[WhiteElo "2310"]
[BlackElo "2060"]

1.d4 d5 2.c4 dxc4 3.e4 c5 4.d5 Nf6 5.Nc3 b5 6.Nxb5 Qa5+ 7.Nc3 Nxe4 8.Qa4+ Qxa4
9.Nxa4 e6 10.Bxc4 Nd6 11.Be2 exd5 12.Nxc5 Nd7 13.Nb3 Ne4 14.Nf3 Bb4+ 15.Nbd2 O-O
16.O-O Rb8 17.Rd1 Ndf6 18.Nb3 Re8 19.Nfd4 Bd7 20.Bf4 Bd6 21.Bxd6 Nxd6 22.Rac1 Rec8
23.Ba6 Rxc1 24.Rxc1 Rb6 25.Bd3 a5 26.Rc2 a4 27.Nc5 Be8 28.b3 axb3 29.Ncxb3 g6
30.f3 Nb5 31.Bxb5 Bxb5 32.Nxb5 Rxb5 33.Kf2 Rb4 34.Ke3 Kf8 35.Kd3 Nd7 36.Re2 Rc4
37.g3 Nc5+ 38.Nxc5 Rxc5 39.Kd4 Ra5 40.f4 h5 41.Kc3 Kg7 42.Kb4 Ra8 43.a4 Kf6
44.a5 Rd8  1-0

[Event "Tel Aviv-A"]
[Site "Tel Aviv"]
[Date "1989.??.??"]
[Round "1"]
[White "Shabtai, Ran"]
[Black "Bruk, Ofer"]
[Result "1/2-1/2"]
[WhiteElo "2335"]
[BlackElo "2415"]

1.d4 d5 2.c4 dxc4 3.e4 e5 4.Nf3 Bb4+ 5.Nc3 exd4 6.Qxd4 Qxd4 7.Nxd4 Nf6 8.f3 c6
9.Bxc4 Nbd7 10.Bf4 O-O 11.O-O-O Re8 12.Rhe1 Ne5 13.Bf1 Bd6 14.Bg5 Bc7 15.f4 Ng6
16.g3 Nd7 17.f5 Nge5 18.Bf4 a5 19.Kc2 Nc5 20.b3 Bd7 21.a3 b5 22.b4 axb4 23.axb4 Na4
24.Nxa4 Rxa4 25.Nxb5 cxb5 26.Bxe5 Bxe5 27.Rxd7 Rxb4 28.Rc1 Bf6 29.Bd3 Rb2+
30.Kd1 Rxh2 31.Rcc7 Ra8 32.Ra7 Rxa7 33.Rxa7 h5 34.Bxb5  1/2-1/2

[Event "Warsaw op"]
[Site "Warsaw"]
[Date "1989.??.??"]
[Round "?"]
[White "Kula, Robert"]
[Black "Staniszewski, Piotr"]
[Result "0-1"]
[WhiteElo "2330"]
[BlackElo "2410"]

1.d4 d5 2.c4 dxc4 3.e4 Nf6 4.e5 Nd5 5.Bxc4 Nb6 6.Bb3 Bf5 7.Qf3 e6 8.Ne2 Nc6
9.O-O Na5 10.Bd1 Be7 11.Nbc3 O-O 12.Be3 Nbc4 13.b3 Nxe3 14.fxe3 Bg6 15.Nf4 c5
16.Nxg6 hxg6 17.d5 exd5 18.Nxd5 Nc6 19.Qe4 Re8 20.Bc2 Nxe5 21.Qxe5 Bg5 22.Qg3 Qxd5
23.Rad1 Qe5 24.Qxe5 Rxe5 25.Rd7 Bxe3+ 26.Kh1 f5 27.Rxb7 Rd8 28.Bd1 a5 29.Be2 Bd2
30.Bc4+ Kh7 31.a4 g5 32.g3 g4 33.Rf7 Kg6 34.Rc7 Rd6 35.Bb5 Kf6 36.Rc6 Rxc6
37.Bxc6 Bc3 38.Bb5 Re3 39.Bc4 Bd4 40.Rc1 Ke5 41.Kg2 g5 42.Rc2 f4 43.Kf1 Kf6
44.Rg2 Rc3 45.gxf4 gxf4 46.Rxg4 f3 47.Re4 Be3 48.Rxe3 Rxe3 49.Kf2 Rc3 50.Kg3 Ke5
51.h4 Ke4 52.h5 Rxc4  0-1

[Event "DDR-ch 38th"]
[Site "Zittau"]
[Date "1989.??.??"]
[Round "?"]
[White "Boensch, Uwe"]
[Black "Grottke, Hans Joachim"]
[Result "1-0"]
[WhiteElo "2490"]
[BlackElo "2265"]

1.d4 d5 2.c4 dxc4 3.e4 Nc6 4.Be3 Nf6 5.Nc3 Ng4 6.Bxc4 Nxe3 7.fxe3 e6 8.Qf3 Qf6
9.Qe2 Be7 10.Nf3 O-O 11.O-O Qh6 12.a3 Na5 13.Ba2 c5 14.Rad1 b6 15.Kh1 Bb7
16.d5 Rad8 17.e5 c4 18.e4 Rc8 19.Nd4 Bc5 20.Qg4 Rcd8 21.Rf6 Qe3 22.Nc2  1-0

[Event "Bayamo"]
[Site "Bayamo"]
[Date "1990.??.??"]
[Round "1"]
[White "Arencibia, Walter"]
[Black "Yakovich, Yuri"]
[Result "0-1"]
[WhiteElo "2425"]
[BlackElo "2470"]

1.d4 d5 2.c4 dxc4 3.e4 Nf6 4.e5 Nd5 5.Bxc4 Nb6 6.Bd3 Nc6 7.Ne2 Bg4 8.f3 Be6
9.Nbc3 Qd7 10.Ne4 Bd5 11.Nc5 Qc8 12.a3 e6 13.Qc2 Bxc5 14.Qxc5 Qd7 15.b4 a6
16.Qc2 Ne7 17.Bg5 Bc6 18.Bxe7 Qxe7 19.O-O Bb5 20.f4 Nd5 21.Rf3 Qd7 22.f5 Bxd3
23.Qxd3 exf5 24.Rxf5 O-O-O 25.Raf1 f6 26.exf6 Nxf6 27.b5 axb5 28.Rxb5 Rhe8
29.Rfb1 Qg4 30.R5b2 Qe4 31.Qxe4 Rxe4 32.Nc3 Re3 33.Nb5 Kd7 34.Nxc7 Kxc7 35.Rxb7+ Kd6
36.Rxg7 Kd5 37.Rf1 Ke6 38.Ra7 Rd6 39.a4 Re4 40.a5 Rexd4 41.Re1+ Kf5 42.Ra1 Kg6
43.h3 Rd2 44.a6 R6d3 45.Ra8 Rg3 46.a7 Rgxg2+ 47.Kf1 Rdf2+ 48.Ke1 Rb2 49.Kf1 Rbf2+
50.Ke1 Rg1+ 51.Kxf2 Rxa1 52.Ke2 Ra3 53.Kd2 Kg7 54.Kc2 Ng8 55.Kb2 Ra5 56.Kc3 Ne7
57.Kd3 Nc6 58.Rc8 Nxa7 59.Rc7+ Kg6 60.Ke4 h5 61.h4 Ra4+ 62.Ke5 Ra5+ 63.Kf4 Ra6  0-1

[Event "Belgorod"]
[Site "Belgorod"]
[Date "1990.??.??"]
[Round "?"]
[White "Moskalenko, Viktor"]
[Black "Borges Mateos, Juan"]
[Result "0-1"]
[WhiteElo "2525"]
[BlackElo "2500"]

1.d4 d5 2.c4 dxc4 3.e4 Nf6 4.e5 Nd5 5.Bxc4 Nb6 6.Bb3 Nc6 7.Nf3 Bg4 8.Bxf7+ Kxf7
9.Ng5+ Ke8 10.Qxg4 Qxd4 11.Qe2 Qxe5 12.Be3 Nd5 13.Nf3 Qf5 14.O-O e6 15.Nc3 Rd8
16.Nb5 Bd6 17.Rae1 Nxe3 18.fxe3 Rf8 19.e4 Qc5+ 20.Kh1 a6 21.Nxd6+ Rxd6 22.e5 Rd5
23.b4 Qb5 24.Qe4 Rf5 25.Qg4 g6 26.Qh3 h5 27.Qg3 g5 28.Rg1 Qd3 29.h3 Nxe5
30.Kh2 h4 31.Qf2 Nxf3+ 32.gxf3 Rxf3 33.Qg2 Rg3 34.Qf1 Qxf1 35.Rgxf1 Rd2+  0-1

[Event "Benasque op"]
[Site "Benasque"]
[Date "1990.??.??"]
[Round "?"]
[White "Lalic, Bogdan"]
[Black "Westerinen, Heikki MJ"]
[Result "1-0"]
[WhiteElo "2475"]
[BlackElo "2475"]

1.d4 d5 2.c4 dxc4 3.e4 e5 4.Nf3 exd4 5.Bxc4 Bb4+ 6.Nbd2 Nc6 7.O-O Be6 8.Qb3 Qd7
9.Ng5 Bxc4 10.Nxc4 f6 11.Nh3 Qf7 12.a3 b5 13.axb4 Qxc4 14.Qg3 Qf7 15.Bf4 Nge7
16.Bxc7 O-O 17.Bd6 Rfd8 18.Rfd1 Qg6 19.Bc5 Qxg3 20.hxg3 g5 21.f4 gxf4 22.gxf4 f5
23.Ra3 h6 24.Nf2 Rd7 25.Rh3 Kg7 26.Rdd3 a5 27.Rdg3+ Kh7 28.Rh5 fxe4 29.Nxe4 Rf8
30.Ng5+ Kg6 31.Ne6+ Kxh5 32.Nxf8 Rd5 33.Rg7 axb4 34.Bxe7 Nxe7 35.Kh2 Nf5
36.Kh3 Ne3 37.g4+ Nxg4 38.Rxg4  1-0